The Joy of Mathematics (Record no. 19321)

MARC details
000 -LEADER
fixed length control field 00439nam a22001457a 4500
008 - FIXED-LENGTH DATA ELEMENTS--GENERAL INFORMATION
fixed length control field 220524b |||||||| |||| 00| 0 eng d
020 ## - INTERNATIONAL STANDARD BOOK NUMBER
International Standard Book Number 0933174659
050 ## - LIBRARY OF CONGRESS CALL NUMBER
Classification number QA93
Item number .P37 1989
100 ## - MAIN ENTRY--PERSONAL NAME
Personal name Pappas, Theoni
245 ## - TITLE STATEMENT
Title The Joy of Mathematics
Remainder of title dicovering mathematics all around you
Statement of responsibility, etc. Theoni Pappas
260 ## - PUBLICATION, DISTRIBUTION, ETC. (IMPRINT)
Place of publication, distribution, etc. SAn Carlos
Name of publisher, distributor, etc. Wide World Publishing
Date of publication, distribution, etc. 1989
300 ## - PHYSICAL DESCRIPTION
Extent 237p.
650 ## - SUBJECT ADDED ENTRY--TOPICAL TERM
Topical term or geographic name as entry element Mathematics
Form subdivision popular works
942 ## - ADDED ENTRY ELEMENTS (KOHA)
Source of classification or shelving scheme Library of Congress Classification
Koha item type General Collection
Holdings
Withdrawn status Lost status Source of classification or shelving scheme Not for loan Home library Current library Date acquired Total Checkouts Full call number Barcode Date last seen Price effective from Koha item type
    Library of Congress Classification   Kabarak, Main Campus Kabarak, Main Campus 24/05/2022   QA93 .P37 1989 c.1 031048 24/05/2022 24/05/2022 General Collection
Designed with assistance from East African Informatics Ltd